00711nam a22002057a 450000500170000001000150001702000270003203500140005903700130007308200110008624500320009725000060012926000780013527000850021330000230029870000100032194200220033199900190035395201330037220240130144923.0 aENG-139091 a9789354095443c2680.00 aEN-122623 bDBAD/PUB a92021 aMoods, Moments And Memories a1 aNew DelhibDierctor Gerenal, Ministry of Information & Broadcastingc2022 aGorvernment of India, Soochna Bhawan, CGO Complex, Lodhi RoadbNew Delhie110003 a313 p.c30 cm(hbk) 961376 2ddccENh920mMOO c200456d200456 001040718REFaZLSbZLSd2024-01-30eDBAD/PUBg2680.00l0o920 MOOpEN-122623r2024-01-30 00:00:00t1v2680.00w2024-01-30yEN